Представление документа в формате RUSMARC

ПолеНазваниеЗначение
  Тип записи a
  Библиографический уровень m
001 Контрольный номер 881f1313c2ab4445aa7aa45227ef6adc
005 Дата корректировки 20201206204439.6
010 Индекс ISBN __
d Цена 1-40
101 Язык документа __
a Язык текста rus
c Язык оригинала rus
200 Заглавие и сведения об ответственности 1_
a Заглавие Кн. 5
e Сведения, относящиеся к заглавию роман
f Первые сведения об ответственности Василий Смирнов
b Общее обозначение материала Текст
210 Выходные данные __
a Место издания М.
c Издательство Совет. писатель
d Дата издания 1978
215 Физическое описание __
a Объем 333 с.
330 Аннотация __
a Аннотация Сложные пути русского крестьянства к революции и участие в ней.
461 Уровень набора __
1 2001
a Открытие мира
606 Тематические рубрики __
a Основная рубрика Художественная литература
z Хронологическая подрубрика 20 в.
y Географическая подрубрика РФ; Россия
606 Тематические рубрики __
a Основная рубрика Русская литература XX в. (произведения)
610 Ключевые слова __
a Ключевые слова романы; проза; историческая проза; исторические романы; тема революции; тема крестьянского труда; тема крестьянства; тема будущего; тема личности
686 Индексы других классификаций __
a Классификационный индекс 84(2Рос=Рус)6-4
700 Автор _1
a Фамилия Смирнов
b Имя В. А.
4 Код отношения 070
801 Источник записи _0
a Страна RU
b Организация Муниципальное бюджетное учреждение культуры "Централизованная библиотечная система" г. Сургут (Центральная городская библиотека им. А. С. Пушкина)
g Правила каталогизации КиК/Елгина
801 Источник записи _1
a Страна RU
b Организация Муниципальное бюджетное учреждение культуры "Централизованная библиотечная система" г. Сургут (Центральная городская библиотека им. А. С. Пушкина)
g Правила каталогизации КиК/Елгина
852 Данные о местонахождении __
j Шифр хранения 84(2Рос=Рус)6-4
c Каталожный индекс 84(2Рос=Рус)6-4
i Авторский знак С 50
p Инвентарный номер 10585
901 Тип документа __
t Тип документа m
903 Характеристики (МАРС) __
a Дата передачи 20061201
990 Данные о заказе (DOS) __
j Количество экземпляров (DOS) 1